| 000 | 01021nam a2200253 a 4500 | ||
|---|---|---|---|
| 001 | 000025331 | ||
| 005 | 20200930023719.0 | ||
| 008 | 110214s2004 sz a r 000 0 spa d | ||
| 020 | _a9291620266 | ||
| 040 |
_aDO-SdBNP _bspa _cBNPHU |
||
| 082 |
_axxxx _bM991c |
||
| 100 | 1 |
_aMusungu, Sisule F. _951876 |
|
| 245 | 1 | 0 |
_aCómo utilizar las flexibilidades previstas en el acuerdo sobre los ADPIC para proteger la salud pública mediante marcos regionales de cooperación sur-sur / _cSisule F. Musungu , Susan Villanueva , Roxana Blasetti ; traducción Celina Iñones. |
| 260 |
_aGénova : _bCentro del sur, _c2004. |
||
| 300 |
_axv, 102 p. : _bil. ; _c21 cm. |
||
| 490 | 1 | _aSouth Perspectives | |
| 500 | _aIncluye referencias bibliográficas p. [98-102]. | ||
| 504 | _aIncluye referencias bibliográficas y notas al pie de las páginas. | ||
| 700 | 1 |
_aVillanueva, Susan _951880 |
|
| 700 | 1 |
_aBlasetti, Roxana _951881 |
|
| 700 | 1 |
_aIñones, Celina, _etr. _951882 |
|
| 830 | 0 |
_aSouth Perspectives _951883 |
|
| 049 | _aBNGR | ||
| 999 |
_c24823 _d24823 |
||